هكذا تكلم زرادشت / (رقم التسجيلة. 141802)

تفاصيل مارك
000 -الفاتح
عناصر البيانات ثابتة الطول 00822cam a2200217 i 4500
005 - تاريخ ووقت آخر معاملة
حقل ضبط 20260202093412.0
008 - عناصر البيانات ثابتة الطول
عناصر البيانات ثابتة الطول 250721s2019 ua gr 000 0 ara d
020 ## - الترقيم الدولي المعياري للكتب (ردمك)
الترقيم الدولي المعياري للكتب (ردمك) 9789777362436
041 1# - كود اللغة
كود اللغة لنص/مسار صوت أو عنوان منفصل ara
كود اللغة للأصل eng
082 14 - رقم تصنيف ديوي العشري
رقم التصنيف 193
رقم المادة ن ي ت
100 1# - مدخل رئيسي – اسم شخصي
الاسم الشخصي نيتشة، فريدريك
علاقة الشخص بالعمل/ دوره مؤلف.
240 10 - عنوان مقنن
عنوان مقنن thus spoke zarathustra Abook for all and none
245 10 - بيان العنوان
العنوان هكذا تكلم زرادشت /
بيان المسؤولية فريدريك نيتشه ؛ ترجمة أسامة عبد الرحمن.
264 31 - بيانات النشر، التوزيع…إلخ
مكان النشر، التوزيع...إلخ القاهرة :
اسم الناشر، الموزع...إلخ الدار الذهبية للطبع و النشر و التوزيع،
تاريخ النشر، التوزيع...إلخ 2019.
300 ## - الوصف المادي
عدد الوحدات المكونة للوعاء 344 صفحة.
650 17 - مدخل إضافي بالموضوع - مصطلح موضوعي
مصطلح موضوعي أو اسم جغرافي كعنصر مدخل الفلسفة الالمانية.
650 17 - مدخل إضافي بالموضوع - مصطلح موضوعي
مصطلح موضوعي أو اسم جغرافي كعنصر مدخل الزرادشتية.
700 1# - مدخل إضافي - اسم شخصي
الاسم الشخصي عبدالرحمن، اسامة
علاقة الشخص بالعمل/ دوره مترجم.
942 ## - بيانات إضافية (كوها)
نوع التنصيف Dewey Decimal Classification
نوع المادة (كوها) كتب
المقتنيات
حالة السحب حالة الفقدان مصدر التصنيف حالة التلف غير قابل للإعارة المكتبة الرئيسية المكتبة الحالية موقع الرف تاريخ التزويد الرقم المتسلسل Total Checkouts رقم الإستدعاء الباركود تاريخ آخر ظهور تاريخ الفاتورة نوع المادة (كوها)
    Dewey Decimal Classification     المكتبة المركزية المكتبة المركزية الإعارة 28/07/2025 1744118   193 / ن ي ت PLD00486916 28/07/2025 28/07/2025 كتب
    Dewey Decimal Classification     مكتبة أبو علندا العامة مكتبة أبو علندا العامة الإعارة 12/08/2020 1744119   193/نيت PLD00487673 28/07/2025 12/08/2020 كتب
    Dewey Decimal Classification     مكتبة الاميرة بديعة مكتبة الاميرة بديعة الإعارة 12/08/2020 1744122   193/نيت PLD00487676 28/07/2025 12/08/2020 كتب
    Dewey Decimal Classification     مكتبة الحسن العامة مكتبة الحسن العامة الإعارة 12/08/2020 1744121   193/نيت PLD00487675 28/07/2025 12/08/2020 كتب
    Dewey Decimal Classification     مكتبة صويلح العامة مكتبة صويلح العامة الإعارة 12/08/2020 1744120   193/نيت PLD00487674 28/07/2025 12/08/2020 كتب
Implemented & Customized by: BBB with SCIT (Smart Chains for Information Technology)

Powered by Koha